Statistics / (Record no. 6770)
[ view plain ]
| 000 -LEADER | |
|---|---|
| fixed length control field | 00780cam a2200217 a 4500 |
| 020 ## - ISBN | |
| International Standard Book Number | 047143017X (acidfree paper) |
| 020 ## - ISBN | |
| International Standard Book Number | 0471476463 (CDROM) |
| 050 00 - LIBRARY OF CONGRESS CALL NUMBER | |
| Classification Number | QA276.12 |
| Item Number | .W57 2004 |
| 100 1# - MAIN ENTRY--Author | |
| Personal name | Witte, Robert S. |
| 245 10 - TITLE | |
| Title | Statistics / |
| Statement of responsibility, etc | Robert S. Witte, John S. Witte. |
| 250 ## - EDITIONSTATEMENT | |
| Edition statement | 7th ed. |
| 260 ## - PUBLICATION, DISTRIBUTION, ETC.(IMPRINT) | |
| Place of publication, distribution, etc | [Hoboken, NJ] : |
| Name of publisher, distributor, etc | J. Wiley, |
| Date of publication, distribution, etc | c2004. |
| 300 ## - PHYSICAL DESCRIPTION | |
| Extent | xxi, 620 p. : |
| 500 ## - GENERALNOTE | |
| General note | Accompanied by one CD-ROM (4 3/4 in.) and instructor's maual entitled "Computerized test bank" (17 p. ; 22 cm.). |
| 500 ## - GENERALNOTE | |
| General note | Includes index. |
| 650 ## - SUBJECT--TOPIC | |
| General subdivision | Statistics ; |
| -- | Psychometrics. |
| 700 1# - ADDED ENTRY--PERSONAL AUTHOR | |
| Personal Name | Witte, John S. |
| 856 42 - URL/ELECTRONIC LOCATION AND ACCESS | |
| Uniform Resource Identifier | <a href="http://www.loc.gov/catdir/description/wiley039/2003043078.html">http://www.loc.gov/catdir/description/wiley039/2003043078.html</a> |
| 856 41 - URL/ELECTRONIC LOCATION AND ACCESS | |
| Uniform Resource Identifier | <a href="http://www.loc.gov/catdir/toc/wiley032/2003043078.html">http://www.loc.gov/catdir/toc/wiley032/2003043078.html</a> |
| 942 ## - ADDED ENTRY ELEMENTS(KOHA) | |
| Source of classification or shelving scheme | Library of Congress Classification |
| Koha item type | General circulation |
| Source of classification or shelving scheme | Not for loan | Location (home branch) | Sublocation (holding branch) | Date accessioned | Source of acquisition | Cost, normal purchase price | Full call number | Barcode | Cost, replacement price | Nonpublic note | Koha item type | Public note |
|---|---|---|---|---|---|---|---|---|---|---|---|---|
| Library of Congress Classification | Main Campus Library | SEKU-BINDERY | 22/07/2015 | Donation - Books for Africa | 1400.00 | QA276.12 .W57 2004 | 2015/003884 | 1540.00 | Nzk | General circulation | Nzk |